00793nam a22002177a 450000500170000001000140001702000270003103500130005803700130007108200160008410000230010024500760012326000430019927000450024230000270028750000500031470000210036494200300038599900170041595201430043220100731143832.0 aENG-97531 a9788184501995c1650.00 aEN-81064 bDBAD/PUB a307.1412072 aNakkiran, S.93390 aResearch methods in rural development /cby S. Nakkiran [and] G. Ramesh aNew DelhibDeep & Deep Publisherc2009 aF-159, Rajouri GardenbNew Delhie110027 axiii, 347p.c24cm (Hb) aIncludes bibliographical references and index aRamesh, G.93391 2ddccENh307.1412072mNAK c38429d38429 001040718NFICaDBADbDBADd2010-07-31eDBAD/PUBg1650.00l0o307.1412072 NAKpEN-81064r2010-07-31 00:00:00t1v1650.00w2010-07-31yEN